00368nam a22001097a 4500020001800000040000900018082001500027100003900042245012300081260003400204300002000238 a9789332549982 cNUST a602.4bLUZ aLuzadder, Warren J. & Duff, Jon M. aFundamentals of Engineering Drawing bwith an introduction to interactive computer graphics for design and production  aNew Delhi. :bPearson,c2018. axi, 681p:c27cm